Most Popular Classic Rock on Spotify #1 - Statistics

General Stats
  • This quiz has been taken 164 times
  • The average score is 10 of 20
Answer Stats
Question Answer % Correct
The Eagles Hotel California
91%
Queen Bohemian Rhapsody
87%
Rush Tom Sawyer
74%
Elton John Rocket Man
65%
The Who Baba O'Reily
61%
Fleetwood Mac Dreams
57%
The Doobie Brothers Listen to The Music
57%
Lynyrd Skynyrd Sweet Home Alabama
52%
ZZ Top La Grange
48%
Dire Straits Sultans Of Swings
48%
Creedence Clearwater Revival Have You Ever Seen The Rain
43%
Neil Young Heart Of Gold
43%
The Beatles Here Comes The Sun
43%
Foreigner I Want to Know What Love Is
43%
The Rolling Stones Paint It Black
39%
The Doors Riders on the Storm
39%
AC/DC Back in Black
30%
Supertramp Give A Little Bit
26%
The Beach Boys Wouldn't It Be Nice
26%
Bruce Springsteen Dancing in the Dark
13%
No matching quizzes found
Score Distribution
Percent of People with Each Score
Percentile by Number Answered
Your Score History
You have not taken this quiz